| 000 | 00532nam a2200193Ia 4500 | ||
|---|---|---|---|
| 008 | 131103s9999 xx 000 0 und d | ||
| 040 | _aLoreto College | ||
| 041 | _aEnglish | ||
| 082 |
_a162/SEN _bLCLIB/ |
||
| 100 | _aSengupta,N.N. | ||
| 245 | 4 |
_aThe Groundwork of logic _cN.N.Sengupta |
|
| 260 |
_aCalcutta _bChuckervertty, Chatterjee _c[19 - ?] |
||
| 300 |
_axix,380 p. _b illus.,dia. _c 17 cm. |
||
| 504 | _aP-1 Principles of Deduction | ||
| 650 | _aLogic | ||
| 651 | _aLogic - Deduction | ||
| 850 | _aLCLIB | ||
| 942 | _cBK | ||
| 999 |
_c11551 _d62030 |
||